Early Sufis and Their Sufism (Record no. 14473)

MARC details
000 -LEADER
fixed length control field 00540nam a2200229 a 4500
020 ## - INTERNATIONAL STANDARD BOOK NUMBER
ISBN
082 00 - DEWEY DECIMAL CLASSIFICATION NUMBER
Classification number 297.4
Author Cutter SHU1
100 ## - MAIN ENTRY--AUTHOR NAME
Author name Shushtery, A M A
245 ## - TITLE STATEMENT
Title Early Sufis and Their Sufism
260 ## - PUBLICATION, DISTRIBUTION, ETC. (IMPRINT)
Place of publication Delhi
Name of publisher Adam Publishers
Year of publication 1999
300 ## - PHYSICAL DESCRIPTION
Number of Pages 99
500 ## - GENERAL NOTE
General note includes index and biblioraphy
505 2# - FORMATTED CONTENTS NOTE
Formatted contents note Index
942 ## - ADDED ENTRY ELEMENTS (KOHA)
Koha item type Books
700 1# -
-- Shushtery, A M A
Holdings
Collection code Home library Current library Date acquired Cost, normal purchase price Full call number Accession Number Koha item type
  Henry Martyn Institute Library Henry Martyn Institute Library 03/21/2011 80.00 297.4 SHU1 020061 Books
                   Copyright © 2026 | Henry Martyn Institute | Hyderabad | TS-500052 | INDIA | Implemented by hmi.edu.in
Hit-Count:

Powered by Koha